000 00442nam a22001697a 4500
005 20230117100937.0
008 190326b xxu||||| |||| 00| 0 eng d
020 _a978-93-86-353-36-3
041 _aeng
100 _aKASHIKAR, DR. VRUSHALI S. AND KULKARNI, AMOL A.
_94902
245 _aCOSMETIC SCIENCE
250 _a2 nd, 2018
260 _aPUNE
_bNIRALI PRAKASHAN
300 _aI.3 p,
650 _aPHARMACY
_xB.PHARMA
_97083
942 _cBK
999 _c5775
_d5773